[Event "CZE-chT2F 1617"]
[Site "Czech Republic"]
[Date "2017.02.12"]
[Round "8.5"]
[White "Kostka, Vit"]
[Black "Vicenec, Roman"]
[Result "1-0"]
[WhiteElo "2112"]
[BlackElo "2022"]
[PlyCount "73"]
[EventDate "2016.10.09"]
[EventType "team-tourn"]
[EventRounds "11"]
[EventCountry "CZE"]
[SourceTitle "EXT 2022"]
[Source "ChessBase"]
[SourceDate "2021.10.06"]
[SourceVersion "1"]
[SourceVersionDate "2021.10.06"]
[SourceQuality "1"]
[WhiteTeam "Orlova Slavia"]
[BlackTeam "Velke Losiny"]
[WhiteTeamCountry "CZE"]
[BlackTeamCountry "CZE"]

1. e4 c5 2. Nf3 d6 3. d4 cxd4 4. Nxd4 Nf6 5. Nc3 e6 6. Bg5 a6 7. f4 Be7 8. Qf3 Qc7 9. 0-0-0 Nbd7 10. Kb1 b5 11. Bxf6 Bxf6 12. Bxb5 0-0 13. Ba4 Qb6 14. Nde2 Nc5 15. Bb3 a5 16. Bc4 Rb8 17. b3 Qb4 18. Kc1 a4 19. Qe3 Bb7 20. e5 dxe5 21. fxe5 Qa3+ 22. Kb1 Be7 23. Nb5 Qb4 24. a3 Qa5 25. b4 Qb6 26. bxc5 Bxc5 27. Qh3 Rfc8 28. Bd3 Be4 29. c4 Bxd3+ 30. Qxd3 Qc7 31. Qe4 Bxa3 32. Ka2 Qc5 33. Qd4 Bb4 34. Nd6 Qxd4 35. Rxd4 Rc5 36. Re4 Rc6 37. Nd4 1-0

[Event "CZE-chT2D 1516"]
[Site "Czech Republic"]
[Date "2016.04.17"]
[Round "11.7"]
[White "Vicenec, Roman"]
[Black "Nosek, Jan"]
[Result "1/2-1/2"]
[WhiteElo "2030"]
[BlackElo "1875"]
[PlyCount "54"]
[EventDate "2015.10.18"]
[EventType "team-tourn"]
[EventRounds "11"]
[EventCountry "CZE"]
[SourceTitle "EXT 2022"]
[Source "ChessBase"]
[SourceDate "2021.10.06"]
[SourceVersion "1"]
[SourceVersionDate "2021.10.06"]
[SourceQuality "1"]
[WhiteTeam "Zabreh"]
[BlackTeam "Hradec Kralove II"]
[WhiteTeamCountry "CZE"]
[BlackTeamCountry "CZE"]

1. e4 c5 2. Nf3 g6 3. d4 cxd4 4. Nxd4 Bg7 5. Be3 Nc6 6. Nc3 Nf6 7. Nxc6 bxc6 8. e5 Ng8 9. f4 f6 10. exf6 Nxf6 11. Be2 0-0 12. 0-0 Qa5 13. Qd2 d5 14. Rad1 Bg4 15. Rfe1 Bxe2 16. Rxe2 Ng4 17. Bd4 e5 18. fxe5 c5 19. Bf2 d4 20. Ne4 Qxd2 21. Rdxd2 Bh6 22. Rd1 Nxf2 23. Nxf2 Be3 24. g3 Rae8 25. Kg2 Bxf2 26. Rxf2 Rxe5 27. Rxf8+ Kxf8 1/2-1/2

[Event "CZE-chT2D 1516"]
[Site "Czech Republic"]
[Date "2016.04.03"]
[Round "10.7"]
[White "Ptacek, Lubos"]
[Black "Vicenec, Roman"]
[Result "1-0"]
[WhiteElo "2105"]
[BlackElo "2030"]
[PlyCount "59"]
[EventDate "2015.10.18"]
[EventType "team-tourn"]
[EventRounds "11"]
[EventCountry "CZE"]
[SourceTitle "EXT 2022"]
[Source "ChessBase"]
[SourceDate "2021.10.06"]
[SourceVersion "1"]
[SourceVersionDate "2021.10.06"]
[SourceQuality "1"]
[WhiteTeam "Vysoke Myto"]
[BlackTeam "Zabreh"]
[WhiteTeamCountry "CZE"]
[BlackTeamCountry "CZE"]

1. e4 c5 2. Nf3 d6 3. d4 cxd4 4. Nxd4 Nf6 5. Nc3 a6 6. Be2 e6 7. 0-0 Be7 8. Be3 Qc7 9. f4 b5 10. a3 Bb7 11. Bf3 Nbd7 12. Qe1 0-0 13. Qg3 Nc5 14. e5 Nfe4 15. Nxe4 Nxe4 16. Bxe4 Bxe4 17. f5 Bxf5 18. Rxf5 exf5 19. Nxf5 g6 20. exd6 Bxd6 21. Qxd6 Qxd6 22. Nxd6 Rad8 23. Bc5 Rb8 24. Re1 f5 25. Re7 Rf6 26. Rd7 Re6 27. Nf7 g5 28. Nxg5 Re2 29. Nxh7 Rxc2 30. Nf6+ 1-0

[Event "CZE-chT2D 1516"]
[Site "Czech Republic"]
[Date "2016.02.21"]
[Round "8.5"]
[White "Bulockin, Martin"]
[Black "Vicenec, Roman"]
[Result "1/2-1/2"]
[WhiteElo "1941"]
[BlackElo "2030"]
[PlyCount "61"]
[EventDate "2015.10.18"]
[EventType "team-tourn"]
[EventRounds "11"]
[EventCountry "CZE"]
[SourceTitle "EXT 2022"]
[Source "ChessBase"]
[SourceDate "2021.10.06"]
[SourceVersion "1"]
[SourceVersionDate "2021.10.06"]
[SourceQuality "1"]
[WhiteTeam "Rychnov nad Kneznou"]
[BlackTeam "Zabreh"]
[WhiteTeamCountry "CZE"]
[BlackTeamCountry "CZE"]

1. e4 c5 2. Nf3 d6 3. d4 cxd4 4. Nxd4 Nf6 5. Nc3 e6 6. Bg5 Be7 7. Qd2 a6 8. f3 Qc7 9. 0-0-0 0-0 10. g4 Nbd7 11. Be3 Ne5 12. g5 Nfd7 13. f4 Nc4 14. Bxc4 Qxc4 15. h4 b5 16. Kb1 b4 17. Nce2 Bb7 18. Ng3 Nc5 19. Qg2 Rfe8 20. Rhe1 a5 21. Bc1 a4 22. Qe2 Qxe2 23. Rxe2 Ba6 24. Re3 Rec8 25. Bd2 Rab8 26. Be1 Bf8 27. b3 axb3 28. cxb3 e5 29. fxe5 dxe5 30. Nf3 f6 31. Bf2 1/2-1/2

[Event "CZE-chT2D 1415"]
[Site "Czech Republic"]
[Date "2015.03.15"]
[Round "9.8"]
[White "Kopecky, Roman"]
[Black "Vicenec, Roman"]
[Result "1/2-1/2"]
[WhiteElo "1964"]
[BlackElo "2014"]
[PlyCount "101"]
[EventDate "2014.11.02"]
[EventType "team-tourn"]
[EventRounds "11"]
[EventCountry "CZE"]
[SourceTitle "EXT 2022"]
[Source "ChessBase"]
[SourceDate "2021.10.06"]
[SourceVersion "1"]
[SourceVersionDate "2021.10.06"]
[SourceQuality "1"]
[WhiteTeam "Velke Losiny"]
[BlackTeam "Zabreh"]
[WhiteTeamCountry "CZE"]
[BlackTeamCountry "CZE"]

1. d4 d5 2. c4 e6 3. Nc3 Nf6 4. Bg5 Nbd7 5. e3 c6 6. Bd3 dxc4 7. Bxc4 Qa5 8. Bh4 Nb6 9. Bd3 Ba3 10. Rb1 Bxb2 11. Rxb2 Qxc3+ 12. Qd2 Qxd2+ 13. Rxd2 Bd7 14. Ne2 Rc8 15. 0-0 c5 16. dxc5 Rxc5 17. Nd4 0-0 18. Bg3 Rfc8 19. Nb3 Rd5 20. e4 Rxd3 21. Rxd3 Bb5 22. Rd4 Bxf1 23. Kxf1 Nbd7 24. f3 h6 25. Rb4 b6 26. a4 a5 27. Rd4 e5 28. Rd2 Rc3 29. Rb2 Nh5 30. Be1 Rc4 31. Ra2 Nf4 32. Bd2 Nd3 33. Ke2 N3c5 34. Nc1 Nxa4 35. Kd3 Rd4+ 36. Kc2 Nac5 37. Ne2 Rc4+ 38. Kd1 Ne6 39. Nc3 Nd4 40. Nd5 Kf8 41. Rb2 Rc6 42. Be3 Rg6 43. f4 Nc6 44. Nxb6 Nxb6 45. Rxb6 exf4 46. Bxf4 Kg8 47. Ra6 Kh7 48. Bc7 a4 49. g3 Nd4 50. Rxa4 Nf3 51. h4 1/2-1/2

[Event "CZE-chT2D 1415"]
[Site "Czech Republic"]
[Date "2014.11.16"]
[Round "2.8"]
[White "Houska, Bronislav"]
[Black "Vicenec, Roman"]
[Result "0-1"]
[WhiteElo "2037"]
[BlackElo "2014"]
[PlyCount "80"]
[EventDate "2014.11.02"]
[EventType "team-tourn"]
[EventRounds "11"]
[EventCountry "CZE"]
[SourceTitle "EXT 2022"]
[Source "ChessBase"]
[SourceDate "2021.10.06"]
[SourceVersion "1"]
[SourceVersionDate "2021.10.06"]
[SourceQuality "1"]
[WhiteTeam "Policka Stefanydes"]
[BlackTeam "Zabreh"]
[WhiteTeamCountry "CZE"]
[BlackTeamCountry "CZE"]

1. c4 e6 2. g3 Nf6 3. Bg2 d5 4. Nf3 Be7 5. b3 0-0 6. 0-0 Nbd7 7. Bb2 c6 8. d3 b6 9. Qc2 Bb7 10. Nbd2 Re8 11. Rac1 Rc8 12. Qb1 Bd6 13. Qa1 Qe7 14. e4 dxe4 15. Nxe4 Nxe4 16. dxe4 e5 17. Rcd1 Rcd8 18. Nh4 g6 19. Kh1 a5 20. f3 b5 21. Bc3 Bc7 22. Qc1 bxc4 23. bxc4 Ba6 24. Rf2 Qc5 25. Rfd2 Nf8 26. Bf1 Rxd2 27. Bxd2 Bb6 28. Be2 Rd8 29. Bg5 Rxd1+ 30. Qxd1 Bxc4 31. Bxc4 Qxc4 32. Ng2 Bd4 33. h4 Qxa2 34. h5 a4 35. Qc1 Qa1 36. Qxa1 Bxa1 37. Ne3 a3 38. Ng4 Nd7 39. Be7 a2 40. hxg6 hxg6 0-1

[Event "CZE-chT2D 1213"]
[Site "Czech Republic"]
[Date "2013.01.20"]
[Round "7.7"]
[White "Onderek, David"]
[Black "Vicenec, Roman"]
[Result "0-1"]
[WhiteElo "2194"]
[BlackElo "2049"]
[PlyCount "114"]
[EventDate "2012.10.14"]
[EventType "team-tourn"]
[EventRounds "11"]
[EventCountry "CZE"]
[SourceTitle "EXT 2016"]
[Source "ChessBase"]
[SourceDate "2015.10.08"]
[SourceVersion "1"]
[SourceVersionDate "2015.10.08"]
[SourceQuality "1"]
[WhiteTeam "Chrudim"]
[BlackTeam "Sumperk"]
[WhiteTeamCountry "CZE"]
[BlackTeamCountry "CZE"]

1. d4 d5 2. Nf3 Nf6 3. Bg5 Nbd7 4. Nbd2 e6 5. c3 Be7 6. e3 0-0 7. Bd3 c5 8. 0-0 b6 9. Ne5 Nxe5 10. dxe5 Nd7 11. Bxe7 Qxe7 12. f4 f6 13. exf6 Qxf6 14. e4 Bb7 15. Qh5 Qf7 16. Qh4 g6 17. Rae1 Rae8 18. e5 Qe7 19. Qg4 Rf7 20. Bb5 Ref8 21. g3 Nb8 22. Nf3 Ba6 23. Bxa6 Nxa6 24. Ng5 Rf5 25. h4 Nc7 26. Kg2 Kg7 27. h5 h6 28. Nf3 Rxh5 29. Rh1 Rxh1 30. Rxh1 Rh8 31. Nh4 Qf7 32. Rf1 Kh7 33. Qe2 Rf8 34. Rf3 Ne8 35. c4 Ng7 36. cxd5 exd5 37. Rd3 Ne6 38. Nf3 Rd8 39. Qd1 c4 40. Rd2 Nc5 41. Rd4 Qd7 42. b3 b5 43. bxc4 bxc4 44. Qb1 Nd3 45. Ne1 Nc5 46. Nf3 Ne4 47. Nd2 Nc3 48. Qf1 Nb5 49. Ne4 Qc6 50. Nf6+ Kg7 51. Rd1 d4+ 52. Kh2 d3 53. f5 Nd4 54. fxg6 Nf3+ 55. Kh3 Kxg6 56. Ng4 Rf8 57. Qh1 Qe6 0-1

[Event "CZE-chT2D 1213"]
[Site "Czech Republic"]
[Date "2013.01.06"]
[Round "6.8"]
[White "Ptacek, Lubos"]
[Black "Vicenec, Roman"]
[Result "1-0"]
[WhiteElo "2128"]
[BlackElo "2049"]
[PlyCount "65"]
[EventDate "2012.10.14"]
[EventType "team-tourn"]
[EventRounds "11"]
[EventCountry "CZE"]
[SourceTitle "EXT 2016"]
[Source "ChessBase"]
[SourceDate "2015.10.08"]
[SourceVersion "1"]
[SourceVersionDate "2015.10.08"]
[SourceQuality "1"]
[WhiteTeam "Vysoke Myto"]
[BlackTeam "Sumperk"]
[WhiteTeamCountry "CZE"]
[BlackTeamCountry "CZE"]

1. e4 c5 2. Nf3 d6 3. d4 cxd4 4. Nxd4 Nf6 5. Nc3 a6 6. Be2 e6 7. Be3 Be7 8. 0-0 Qc7 9. f4 Nbd7 10. Bf3 0-0 11. g4 Nb6 12. g5 Nfd7 13. Kh1 Nc4 14. Bc1 Re8 15. Nce2 b5 16. Qe1 Bb7 17. Ng3 Bf8 18. b3 Ncb6 19. Qf2 Rac8 20. Be3 e5 21. fxe5 Nxe5 22. Ndf5 Nbd7 23. Rac1 Nxf3 24. Qxf3 Ne5 25. Qf4 d5 26. Nh5 Ng6 27. Nh6+ gxh6 28. Nf6+ Kh8 29. Qxc7 Rxc7 30. Nxe8 Re7 31. Bd4+ Ne5 32. Nd6 Bg7 33. gxh6 1-0

[Event "CZE-chT2E 1112"]
[Site "Czech Republic"]
[Date "2012.02.19"]
[Round "8.8"]
[White "Vicenec, Roman"]
[Black "Sladek, Vladislav"]
[Result "1/2-1/2"]
[WhiteElo "2037"]
[BlackElo "1979"]
[PlyCount "48"]
[EventDate "2011.10.09"]
[EventType "team-tourn"]
[EventRounds "11"]
[EventCountry "CZE"]
[SourceTitle "EXT 2013"]
[Source "ChessBase"]
[SourceDate "2012.11.22"]
[SourceVersion "1"]
[SourceVersionDate "2012.11.22"]
[SourceQuality "1"]
[WhiteTeam "Sumperk"]
[BlackTeam "Adamov"]
[WhiteTeamCountry "CZE"]
[BlackTeamCountry "CZE"]

1. e4 d5 2. exd5 Qxd5 3. Nc3 Qa5 4. d4 Nf6 5. Nf3 Bf5 6. Ne5 c6 7. Bd3 Bxd3 8. Qxd3 Nbd7 9. Nxd7 Nxd7 10. Bf4 e6 11. 0-0 Nf6 12. Be5 Be7 13. Qg3 0-0-0 14. Qxg7 Rdf8 15. Bxf6 Rhg8 16. Qh6 Rg6 17. Bxe7 Rxh6 18. Bxf8 Rg6 19. Bc5 b6 20. Bd6 Qf5 21. Rac1 h5 22. f4 Qh3 23. g3 Rxg3+ 24. hxg3 Qxg3+ 1/2-1/2

[Event "CZE-chT2E 1112"]
[Site "Czech Republic"]
[Date "2012.02.05"]
[Round "7.8"]
[White "Sipek, Oldrich"]
[Black "Vicenec, Roman"]
[Result "1/2-1/2"]
[WhiteElo "2027"]
[BlackElo "2037"]
[PlyCount "102"]
[EventDate "2011.10.09"]
[EventType "team-tourn"]
[EventRounds "11"]
[EventCountry "CZE"]
[SourceTitle "EXT 2013"]
[Source "ChessBase"]
[SourceDate "2012.11.22"]
[SourceVersion "1"]
[SourceVersionDate "2012.11.22"]
[SourceQuality "1"]
[WhiteTeam "Brno Lokomotiva II"]
[BlackTeam "Sumperk"]
[WhiteTeamCountry "CZE"]
[BlackTeamCountry "CZE"]

1. e4 c5 2. d4 cxd4 3. c3 d3 4. Bxd3 e6 5. Nf3 Nc6 6. 0-0 Be7 7. Qe2 Nf6 8. Nbd2 d5 9. e5 Nd7 10. Nb3 b6 11. Bf4 Nc5 12. Bc2 a5 13. Rfe1 Ba6 14. Qe3 Qc7 15. Nbd4 Rb8 16. Rac1 Nd7 17. Nxc6 Qxc6 18. Nd4 Qb7 19. Qh3 Nf8 20. a3 Qd7 21. b4 Bc4 22. Rb1 a4 23. Kh1 b5 24. Re3 g5 25. Bg3 h5 26. f3 Rh6 27. Rbe1 h4 28. Bf2 Ng6 29. Bxg6 Rxg6 30. g3 hxg3 31. Bxg3 Qc8 32. f4 gxf4 33. Bxf4 Kd7 34. Rg1 Rxg1+ 35. Kxg1 Qh8 36. Qxh8 Rxh8 37. Rg3 Ke8 38. Bg5 Bxg5 39. Rxg5 Rh3 40. Rg3 Rh5 41. Re3 Rh4 42. Kg2 Rf4 43. Nf3 Ke7 44. Kg3 Rf5 45. h4 f6 46. Nd4 Rf1 47. exf6+ Kxf6 48. Rxe6+ Kf7 49. Rb6 Ra1 50. Nxb5 Bxb5 51. Rxb5 Rxa3 1/2-1/2

[Event "CZE-chT2E 1112"]
[Site "Czech Republic"]
[Date "2011.11.06"]
[Round "2.7"]
[White "Bacak, Petr Jr"]
[Black "Vicenec, Roman"]
[Result "1/2-1/2"]
[WhiteElo "2015"]
[BlackElo "2037"]
[PlyCount "88"]
[EventDate "2011.10.09"]
[EventType "team-tourn"]
[EventRounds "11"]
[EventCountry "CZE"]
[SourceTitle "EXT 2013"]
[Source "ChessBase"]
[SourceDate "2012.11.22"]
[SourceVersion "1"]
[SourceVersionDate "2012.11.22"]
[SourceQuality "1"]
[WhiteTeam "Kromeriz II"]
[BlackTeam "Sumperk"]
[WhiteTeamCountry "CZE"]
[BlackTeamCountry "CZE"]

1. e4 c5 2. Nf3 d6 3. d4 cxd4 4. Nxd4 Nf6 5. Nc3 a6 6. Be2 e6 7. 0-0 b5 8. Bd3 Bb7 9. Qe2 Qc7 10. Bd2 Be7 11. a4 b4 12. Na2 d5 13. e5 Nfd7 14. Rfe1 Qb6 15. Qg4 g6 16. c3 b3 17. Nc1 Nc6 18. Nxc6 Bxc6 19. Qd1 Rb8 20. Be3 Bc5 21. a5 Qb7 22. Bd4 0-0 23. Re3 Be7 24. Rh3 f5 25. exf6 Bxf6 26. Qg4 Bxd4 27. Qxe6+ Rf7 28. cxd4 Nf6 29. Qe2 Re8 30. Qd1 Rfe7 31. Qxb3 Re1+ 32. Bf1 Qb5 33. Rd3 Ne4 34. Qc2 Rb8 35. f3 Bd7 36. fxe4 dxe4 37. Qd2 Rxf1+ 38. Kxf1 exd3 39. Nxd3 Bf5 40. Ra3 Rd8 41. Qc3 Rf8 42. Kg1 Be6 43. Qc5 Qb7 44. Qe5 Bc4 1/2-1/2

[Event "CZE-chT2F 1011"]
[Site "Czech Republic"]
[Date "2011.03.06"]
[Round "9.7"]
[White "Vicenec, Roman"]
[Black "Zalesky, Karel"]
[Result "0-1"]
[WhiteElo "2041"]
[BlackElo "2091"]
[PlyCount "94"]
[EventDate "2010.10.17"]
[EventType "team-tourn"]
[EventRounds "11"]
[EventCountry "CZE"]
[SourceTitle "EXT 2012"]
[Source "ChessBase"]
[SourceDate "2011.11.24"]
[SourceVersion "1"]
[SourceVersionDate "2011.11.24"]
[SourceQuality "1"]
[WhiteTeam "Sumperk"]
[BlackTeam "Opava"]
[WhiteTeamCountry "CZE"]
[BlackTeamCountry "CZE"]

1. e4 g6 2. d4 d6 3. Nc3 Bg7 4. Nf3 Bg4 5. Be3 Nc6 6. Be2 e5 7. dxe5 Bxf3 8. gxf3 Bxe5 9. Qd2 Nge7 10. f4 Bg7 11. 0-0-0 a6 12. Rhg1 f5 13. f3 Qd7 14. h4 Qe6 15. Kb1 0-0-0 16. Bd3 Rhe8 17. exf5 Nxf5 18. Bxf5 Qxf5 19. Nd5 Re6 20. Rg5 Qf7 21. h5 Rde8 22. hxg6 hxg6 23. Rdg1 Bh6 24. R5g2 Ne7 25. Nc3 Nf5 26. Bf2 Ne3 27. Bxe3 Rxe3 28. Rxg6 Bxf4 29. Qd1 Be5 30. Ne4 Qxf3 31. Qxf3 Rxf3 32. Nd2 Rf2 33. R6g2 Rf5 34. c3 b5 35. Rg8 Rxg8 36. Rxg8+ Kb7 37. Rg2 a5 38. Kc2 c5 39. c4 b4 40. Ne4 a4 41. Re2 Kc6 42. Rg2 Rf3 43. b3 a3 44. Re2 Bd4 45. Re1 Rh3 46. Re2 Rh1 47. Rd2 Re1 0-1

[Event "CZE-chT2F 1011"]
[Site "Czech Republic"]
[Date "2011.02.20"]
[Round "8.7"]
[White "Bulava, Petr"]
[Black "Vicenec, Roman"]
[Result "0-1"]
[WhiteElo "2082"]
[BlackElo "2041"]
[PlyCount "64"]
[EventDate "2010.10.17"]
[EventType "team-tourn"]
[EventRounds "11"]
[EventCountry "CZE"]
[SourceTitle "EXT 2012"]
[Source "ChessBase"]
[SourceDate "2011.11.24"]
[SourceVersion "1"]
[SourceVersionDate "2011.11.24"]
[SourceQuality "1"]
[WhiteTeam "Havirov"]
[BlackTeam "Sumperk"]
[WhiteTeamCountry "CZE"]
[BlackTeamCountry "CZE"]

1. d4 d5 2. Nf3 Nf6 3. c4 e6 4. Nc3 Be7 5. cxd5 exd5 6. Bg5 c6 7. e3 Bf5 8. Be2 h6 9. Bf4 Nbd7 10. Ne5 Qb6 11. Qd2 Nxe5 12. Bxe5 Ne4 13. Nxe4 Bxe4 14. a3 0-0 15. f3 Bh7 16. g4 f5 17. Bd3 fxg4 18. Bxh7+ Kxh7 19. Qd3+ Kh8 20. 0-0-0 Bf6 21. f4 Rad8 22. h3 g3 23. Rhg1 Bxe5 24. dxe5 d4 25. exd4 Rxf4 26. Qxg3 Rf7 27. e6 Re7 28. Qe5 Rd5 29. Qe4 Qb3 30. Rgf1 Rd8 31. d5 cxd5 32. Rf7 Qxd1+ 0-1

[Event "CZE-chT2F 1011"]
[Site "Czech Republic"]
[Date "2010.10.17"]
[Round "1.7"]
[White "Didi, Jan"]
[Black "Vicenec, Roman"]
[Result "1/2-1/2"]
[WhiteElo "2037"]
[BlackElo "2041"]
[PlyCount "60"]
[EventDate "2010.10.17"]
[EventType "team-tourn"]
[EventRounds "11"]
[EventCountry "CZE"]
[SourceTitle "EXT 2012"]
[Source "ChessBase"]
[SourceDate "2011.11.24"]
[SourceVersion "1"]
[SourceVersionDate "2011.11.24"]
[SourceQuality "1"]
[WhiteTeam "Ostrava Mittal II"]
[BlackTeam "Sumperk"]
[WhiteTeamCountry "CZE"]
[BlackTeamCountry "CZE"]

1. e4 c5 2. Nf3 d6 3. d4 cxd4 4. c3 d3 5. Bxd3 Nc6 6. 0-0 Nf6 7. h3 e6 8. Be3 Be7 9. Nbd2 0-0 10. Qe2 Qc7 11. Nd4 a6 12. f4 Bd7 13. Rac1 Rac8 14. c4 Rfe8 15. Qf2 Nxd4 16. Bxd4 Bc6 17. Bb6 Qb8 18. Qe2 Nd7 19. Bd4 Bf6 20. Bxf6 Nxf6 21. Nf3 Nd7 22. Rcd1 Rcd8 23. Kh1 Qc7 24. Ng5 f6 25. Nf3 Re7 26. Bb1 b5 27. cxb5 Bxb5 28. Bd3 Bxd3 29. Qxd3 Nc5 30. Qe2 Qb6 1/2-1/2

[Event "CZE-chT2E 0809"]
[Site "Czech Republic"]
[Date "2008.11.23"]
[Round "3.6"]
[White "Vicenec, Roman"]
[Black "Krejci, Jan"]
[Result "0-1"]
[WhiteElo "2046"]
[BlackElo "2117"]
[PlyCount "72"]
[EventDate "2008.10.12"]
[EventType "team-tourn"]
[EventRounds "11"]
[EventCountry "CZE"]
[SourceTitle "EXT 2010"]
[Source "ChessBase"]
[SourceDate "2010.11.25"]
[SourceVersion "1"]
[SourceVersionDate "2010.11.25"]
[SourceQuality "1"]
[WhiteTeam "Sumperk"]
[BlackTeam "Litovel II"]
[WhiteTeamCountry "CZE"]
[BlackTeamCountry "CZE"]

1. e4 e5 2. Nf3 Nf6 3. Nxe5 d6 4. Nf3 Nxe4 5. d4 d5 6. Bd3 Nc6 7. Nbd2 Nxd2 8. Bxd2 Bg4 9. c3 Be7 10. 0-0 0-0 11. Re1 Qd6 12. Be2 Rae8 13. h3 Bf5 14. Qc1 Qg6 15. Kh1 Be4 16. Bf4 Bd8 17. Rg1 Qf5 18. Qd2 Ne7 19. Ne5 Qxh3+ 20. Bh2 Qe6 21. Rae1 Ng6 22. Bg4 Bf5 23. Bxf5 Qxf5 24. g4 Qc8 25. f4 f6 26. Nxg6 hxg6 27. Rxe8 Rxe8 28. Qd3 Re4 29. Qf3 Qd7 30. f5 g5 31. Qd1 Qe7 32. Bg3 c6 33. Rg2 Bc7 34. Qf3 Re3 35. Qf2 Bxg3 36. Rxg3 Re1+ 0-1

[Event "CZE-chT2E 0809"]
[Site "Czech Republic"]
[Date "2008.10.12"]
[Round "1.7"]
[White "Fuksik, Jakub"]
[Black "Vicenec, Roman"]
[Result "1-0"]
[WhiteElo "2143"]
[BlackElo "2046"]
[PlyCount "85"]
[EventDate "2008.10.12"]
[EventType "team-tourn"]
[EventRounds "11"]
[EventCountry "CZE"]
[SourceTitle "EXT 2010"]
[Source "ChessBase"]
[SourceDate "2010.11.25"]
[SourceVersion "1"]
[SourceVersionDate "2010.11.25"]
[SourceQuality "1"]
[WhiteTeam "Grygov II"]
[BlackTeam "Sumperk"]
[WhiteTeamCountry "CZE"]
[BlackTeamCountry "CZE"]

1. e4 c5 2. Nf3 d6 3. Bb5+ Bd7 4. Bxd7+ Qxd7 5. c4 Nc6 6. Nc3 Nf6 7. d4 cxd4 8. Nxd4 g6 9. f3 Bg7 10. Be3 Rc8 11. b3 0-0 12. 0-0 Qd8 13. Rc1 Nd7 14. Nde2 a6 15. Nd5 b5 16. cxb5 axb5 17. Qd3 Nde5 18. Qxb5 Rb8 19. Bb6 e6 20. Bxd8 Rxb5 21. Ne7+ Kh8 22. Nxc6 Nxc6 23. Bc7 Nd4 24. Nxd4 Bxd4+ 25. Kh1 Ra8 26. Rfd1 Bb2 27. Rc2 Rxa2 28. Bxd6 Ra1 29. Rxa1 Bxa1 30. b4 Kg7 31. Kg1 Kf6 32. Kf2 Bd4+ 33. Ke2 Rb6 34. Bc5 Bxc5 35. bxc5 Rb8 36. Kd3 Ke7 37. Kc4 Kd7 38. Ra2 Rb7 39. f4 h6 40. f5 gxf5 41. exf5 Kc7 42. fxe6 fxe6 43. Ra6 1-0